| 000 | 01085nam a2200289 a 4500 | ||
|---|---|---|---|
| 001 | 57832 | ||
| 003 | BD-RjUL | ||
| 005 | 20211209080546.0 | ||
| 008 | 161212s1978 ii a b 001 0 eng | ||
| 035 | _a(BD-RjUL)57956 | ||
| 040 |
_aDLC _cDLC _dBD-RjUL _beng |
||
| 041 | _aeng | ||
| 082 | 0 | 0 |
_a320.973 _223 NEW 1978 |
| 245 | 1 | 4 |
_aThe New American political system / _cSamuel H. Beer ... [et al.] ; edited by Anthony King. |
| 260 |
_aWashington : _bAmerican Enterprise Institute for Public Policy Research, _cc1978. |
||
| 300 |
_a407 p. : _bill. ; _c23 cm. |
||
| 490 | 1 | _aAEI studies ; 213 | |
| 504 | _aIncludes bibliographical references and index. | ||
| 651 | 0 |
_aUnited States _xPolitics and government _y1969-1974. _9171759 |
|
| 651 | 0 |
_aUnited States _xPolitics and government _y1974-1977. _9171760 |
|
| 651 | 0 |
_aUnited States _xPolitics and government _y1977-1981. _9171761 |
|
| 700 | 1 |
_aBeer, Samuel H. _q(Samuel Hutchison), _d1911-2009. _9171762 |
|
| 700 | 1 |
_aKing, Anthony Stephen. _9171763 |
|
| 830 | 0 |
_aAEI studies ; _v213. _9171778 |
|
| 942 |
_2ddc _cBK |
||
| 999 |
_c57832 _d57832 |
||